Water, Sanitary and Waste Services for Buildings (Record no. 13691)
[ view plain ]
| 000 -LEADER | |
|---|---|
| fixed length control field | 00241 a2200085 4500 |
| 020 ## - INTERNATIONAL STANDARD BOOK NUMBER | |
| International Standard Book Number | 978-0750652551 |
| 100 ## - MAIN ENTRY--PERSONAL NAME | |
| Personal name | A.F.E. Wise and John Swaffield |
| 245 ## - TITLE STATEMENT | |
| Title | Water, Sanitary and Waste Services for Buildings |
| 260 ## - PUBLICATION, DISTRIBUTION, ETC. | |
| Name of publisher, distributor, etc. | Routledge |
| Date of publication, distribution, etc. | 2002 |
| Withdrawn status | Lost status | Source of classification or shelving scheme | Damaged status | Not for loan | Permanent Location | Current Location | Date acquired | Source of acquisition | Cost, normal purchase price | Barcode | Date last seen | Cost, replacement price | Price effective from | Koha item type |
|---|---|---|---|---|---|---|---|---|---|---|---|---|---|---|
| BMS College of Architecture, Design and Planning | BMS College of Architecture, Design and Planning | 2025-09-12 | 10 | 4281.95 | AR-UG4503 | 2025-09-12 | 6117.07 | 2025-09-12 | UG Books |